| 000 | 00586nam a2200193 a 4500 | ||
|---|---|---|---|
| 005 | 20240924065945.0 | ||
| 008 | 991125s1986 bar 000 0 spa u | ||
| 020 | _a8425212766 | ||
| 035 | _aUPN01000031233 | ||
| 049 | _aCG | ||
| 050 | 4 |
_aLB2801 _bA9.5 |
|
| 100 | 1 | _aAznar, J. A. | |
| 245 | 1 | 0 |
_aInformes de evaluación : _bun modelo informático para la enseñanza / _cJ. A. Aznar. |
| 260 |
_aBarcelona, Esp. : _bG. Gili, _c1986. |
||
| 300 |
_a220 p. : _bil. |
||
| 650 | 4 |
_aEscuelas _xDirección y organización _9346 |
|
| 650 | 4 |
_aComputadoras en la educación _94976 |
|
| 905 | _aLibro | ||
| 999 |
_c31233 _d31233 |
||